000 00674nam a2200229Ii 4500
003 JO-AjNU
008 230605s9999||||xx |||||||||||||| ||und||
017 _a2017/29336
020 _a978-977-09-3450-0
040 _aJO-AjNU
_bara
_erda
_cJO-AjNU
041 _aara
050 1 4 _aPJ7828.K5.S52.2018
100 3 _aالحكيم، توفيق,
_eauthor
_961706
245 0 0 _aشجرة الحكم
250 _aالطبعة الاولى
264 3 1 _aالقاهرة: دار الشروق، 2018
300 _a102ص
336 _atext
_btxt
_2rdacontent
337 _aunmediated
_bn
_2rdamedia
338 _avolume
_bnc
_2rdacarrier
650 4 _aرواية عربية
_961707
999 _aA27906
_c31474
_d31474